书目信息 |
| 题名: |
肥料经济学与科学使用
|
|
| 作者: | 王雅君 , 纪凤辉 , 陈晓爽 主编 | |
| 分册: | ||
| 出版信息: | 赤峰 内蒙古科学技术出版社 2016.12 |
|
| 页数: | 115页 | |
| 开本: | 26cm | |
| 丛书名: | ||
| 单 册: | ||
| 中图分类: | S147.12 | |
| 科图分类: | ||
| 主题词: | 肥料学--fei liao xue--基本知识 , 合理施肥--he li shi fei--基本知识 | |
| 电子资源: | ||
| ISBN: | 978-7-5380-2769-3 | |
| 000 | 01068nam0 2200265 450 | |
| 001 | 0109110222 | |
| 005 | 20201109110339.0 | |
| 010 | @a978-7-5380-2769-3@dCNY48.00 | |
| 100 | @a20171018e20202016em y0chiy50 ea | |
| 101 | 0 | @achi |
| 102 | @aCN@b150000 | |
| 105 | @ay z 000yy | |
| 106 | @ar | |
| 200 | 1 | @a肥料经济学与科学使用@Afei liao jing ji xue yu ke xue shi yong@f王雅君, 纪凤辉, 陈晓爽主编 |
| 210 | @a赤峰@c内蒙古科学技术出版社@d2016.12@h2020.02 | |
| 215 | @a115页@d26cm | |
| 330 | @a本书较系统全面地介绍了肥料的基础知识、肥料的质量标准、科学合理使用肥料的技术,重点介绍了常用肥料质量的鉴别方法和技术,具有系统性、知识性、实用性和科学性。对农业科技人员和广大农业种植户正确选购和使用肥料,对农资经营单位严把进货质量具有指导意义。 | |
| 606 | 0 | @a肥料学@Afei liao xue@x基本知识 |
| 606 | 0 | @a合理施肥@Ahe li shi fei@x基本知识 |
| 690 | @aS147.12@v5 | |
| 701 | 0 | @a王雅君@Awang ya jun@4主编 |
| 701 | 0 | @a纪凤辉@Aji feng hui@4主编 |
| 701 | 0 | @a陈晓爽@Achen xiao shuang@c(农业)@4主编 |
| 801 | 0 | @aCN@bBJSZM@c20201103 |
| 905 | @b1240971-4@dS147.12@e130@f4 | |
| 肥料经济学与科学使用/王雅君, 纪凤辉, 陈晓爽主编.-赤峰:内蒙古科学技术出版社,2016.12(2020.02) |
| 115页;26cm |
| ISBN 978-7-5380-2769-3:CNY48.00 |
| 本书较系统全面地介绍了肥料的基础知识、肥料的质量标准、科学合理使用肥料的技术,重点介绍了常用肥料质量的鉴别方法和技术,具有系统性、知识性、实用性和科学性。对农业科技人员和广大农业种植户正确选购和使用肥料,对农资经营单位严把进货质量具有指导意义。 |
| ● |
| 相关链接 |
|
|
|
|
正题名:肥料经济学与科学使用
索取号:S147.12/130
 
预约/预借
| 序号 | 登录号 | 条形码 | 馆藏地/架位号 | 状态 | 备注 |
| 1 | 1240971 | 212409712 | 第二样本阅览室/ [索取号:S147.12/130] | 在馆 | |
| 2 | 1240972 | 212409721 | 第三借阅区/ [索取号:S147.12/130] | 在馆 | |
| 3 | 1240973 | 212409730 | 第三借阅区/ [索取号:S147.12/130] | 在馆 | |
| 4 | 1240974 | 212409749 | 第三借阅区/ [索取号:S147.12/130] | 在馆 |